000
00268nam a2200109Ia 4500
008
190216s9999||||xx |||||||||||||| ||und||
100
_a
Sohrab R Davar
245
0
_a
Business Organisation And Management
260
_b
Progressive Cor
_c
1977
300
_a
991p
942
_c
BK
999
_c
4013
_d
4013